banner-ar

زنجبار والايام الاخيرة للحكم العمانى فى شرق افريقيا 1964 : (Record no. 65417)

MARC details
000 -الفاتح
حقل البيانات ثابتة الطول 01044nam a22002537a 4500
005 - وقت وتاريخ اخر تعامل مع التسجيلة
رقم الضبط 20240530110823.0
008 - عناصر البيانات ثابتة الطول - معلومات عامة
حقل البيانات ثابتة الطول 190711s2019 ua a g 000 0 ara d
017 ## - رقم الايداع القانونى
المصدر ( الهيئة المختصة) مصر. دار الكتب
رقم الايداع القانونى 2018/8932
020 ## - الرقم الدولى المعيارى للكتب
الرقم الدولى المعيارى للكتاب 9789778122701
040 ## - مصدر الفهرسة
وكالة الفهرسة الأصلية EG-CaGPL
وكالة النسخ EG-CaGPL
082 04 - رقم تصنيف ديوى العشرى
رقم الطبعة 21
رقم التصنيف 967.81 /
رقم المادة ص ز
100 0# - المدخل الرئيسى - إسم شخصى
الإسم الشخصى صالح محروس محمد محمد
245 10 - بيان العنوان
العنوان زنجبار والايام الاخيرة للحكم العمانى فى شرق افريقيا 1964 :
بقية العنوان دراسة وثائقية /
بيان المسئوليه,etc صالح محروس محمد محمد
250 ## - بيان الطبعة
بيان الطبعة ط.1
260 ## - PUBLICATION, DISTRIBUTION, ETC. (IMPRINT)
تاريخ النشر أو التوزيع 2019 .
300 ## - الوصف المادى
التعداد 183 ص. :
تفاصيل ماديه اخرى للوعاء ايض. ؛
أبعاد الوعاء 24 سم.
650 ## - المدخل الاضافى بالموضوع-مصطلح موضوعى
مصدر الرأس أو المصطلح qrmak
651 07 - المدخل الاضافى بالموضوع - اسم جغرافى
مصدر الرأس أو المصطلح qrmak
الاسم الجغرافي زنجبار
651 07 - المدخل الاضافى بالموضوع - اسم جغرافى
الاسم الجغرافي الامبراطورية العمانية
مصدر الرأس أو المصطلح qrmak
651 07 - المدخل الاضافى بالموضوع - اسم جغرافى
الاسم الجغرافي اوغندا
التقسيم الفرعي العام تاريخ
التقسيم الفرعي الجغرافي انقلاب يناير الاسود 1964
مصدر الرأس أو المصطلح qrmak
651 07 - المدخل الاضافى بالموضوع - اسم جغرافى
الاسم الجغرافي شرق افريقيا
التقسيم الفرعي العام تاريخ
مصدر الرأس أو المصطلح qrmak
942 ## - عناصر المدخل الإضافي( كوها)
مصدر التصنيف او مخطط الترفيف Dewey Decimal Classification
Koha [default] item type كتاب
260 ## - PUBLICATION, DISTRIBUTION, ETC. (IMPRINT)
-- القاهرة :
-- المكتب العربى للمعارف،
Holdings
حالة التراجع حالة الفقد حالة تلف ليس للاعارة المكان المؤقت الموقع الحالى موقع الترفيف تاريخ الاكتساب اجمالي اﻻعارات رقم الطلب الباركود تاريخ اخر مشاهدة تاريخ تفعيل السعر نوع وعاء كوها
        مكتبة القاهرة الكبرى مكتبة القاهرة الكبرى القاعة الرئيسية 07/27/2019   967.81 / ص ز 166250 07/27/2019 07/27/2019 كتاب

Powered By

EGPV